000 00785nas a2200265 4500
001 BR0604309
003 BR-BrBNA
005 20231205110324.0
007 ta
008 230509b bl.|||p| |||| 00| 00por d
040 _aBR-BrBNA
_bpor
_cBiblioteca Nacional de Agricultura
041 _a(Pt)
072 _aP40; F01
100 1 _aStreck, N.A.
100 1 _aAlberto, C.M.
245 1 _aEstudo numérico do impacto da mudança climática sobre o rendimento de trigo, soja e milho
650 _aTRIGO
650 _aSOJA
650 _aMILHO
650 _aCLIMA
650 _aRENDIMENTO
773 0 _tPesquisa Agropecuária Brasileira (Brazil)
_xISSN 0100-204X
_g(Sep 2006), v. 41(9) p. 1351-1359
_wBR0604309
909 _a202311
_bLúcia
_c55
_dLúcia Elande
942 _2AGRIS
_n0
_cANA
999 _c186964
_d186964